| 000 | 00408 a2200145 4500 | ||
|---|---|---|---|
| 999 |
_c4297 _d4297 |
||
| 020 | _a0797411097 | ||
| 050 | _aPE1128GAT1985 | ||
| 100 | _aGatherer, W.A. | ||
| 245 |
_aThe student's handbook of modern english / _cW.A Gatherer |
||
| 264 |
_aHarare _bHarper Collins Publishers _c1985 |
||
| 300 | _a248p. | ||
| 500 | _aIncludes index | ||
| 650 | _aEnglish language---Text Books | ||
| 942 |
_2lcc _cBK _h1128 _iGAT _kPE |
||